BEAT THE EXAM THE SMART WAY/ (Record no. 180243)

MARC details
000 -LEADER
fixed length control field 00501nam a22001817a 4500
005 - DATE AND TIME OF LATEST TRANSACTION
control field 20210803110347.0
010 ## - LCCN (DPL NO)
LC control number ENG-129661
020 ## - INTERNATIONAL STANDARD BOOK NUMBER
International Standard Book Number 978-93-81383-01-8
Terms of availability 400.00
035 ## - SYSTEM CONTROL NUMBER
System control number EN-113193
037 ## - SOURCE OF ACQUISITION
Source of stock number/acquisition DBAD/PUB
082 ## - DEWEY DECIMAL CLASSIFICATION NUMBER
Classification number 158.1
Item number 1
100 ## - MAIN ENTRY--PERSONAL NAME
Personal name VAID, SUNIL
245 ## - TITLE STATEMENT
Title BEAT THE EXAM THE SMART WAY/
Statement of responsibility, etc SUNIL VAID
260 ## - PUBLICATION, DISTRIBUTION, ETC. (IMPRINT)
Place of publication, distribution, etc DELHI
Name of publisher, distributor, etc ANKUR
Date of publication, distribution, etc 2011
270 ## - ADDRESS
Address 231,SEC 15 A NOIDA (U.P)
City DELHI
Postal code 110032
300 ## - PHYSICAL DESCRIPTION
Extent 246 p.
Other physical details 22Cm(pbk)
942 ## - ADDED ENTRY ELEMENTS (KOHA)
Source of classification or shelving scheme Dewey Decimal Classification
Item type English Books
Edition 1
Classification part 158.1
Call number prefix VAI
Holdings
Withdrawn status Lost status Not for loan Collection code Home library Current library Date acquired Source of acquisition Cost, normal purchase price Full call number Barcode Copy number Cost, replacement price Koha item type
      Non-fiction Shahdara Branch Shahdara Branch 02/08/2021 DBAD/PUB 400.00 158.1 EN-113193 1 400.00 English Books

© Delhi Public Library
Hit Counter
free hit counter